000 00794nam a2200265 a 4500
001 67333
003 BD-RjUL
005 20211209081635.0
008 230317s2003 enka b 001 0 eng
020 _a0470850183 (alk. paper)
020 _a0470850191 (pbk. : alk. paper)
035 _a(BD-RjUL)67464
040 _aDLC
_cDLC
_dDLC
_beng
041 _aeng
082 0 0 _223
_bHAC 2003
_a551.6
100 1 _aHardy, John T.
_9199492
245 1 0 _aClimate change :
_bcauses, effects, and solutions /
_cJohn T. Hardy.
260 _aNew York :
_bJ. Wiley,
_cc2003.
300 _avii, 247 p. :
_bill.:
_c25 cm.
500 _aIncludes index.
650 0 _aClimatic changes.
_9199495
650 0 _aNature
_xEffect of human beings on.
_9199496
942 _2ddc
_cBK
999 _c67333
_d67333